Vista normal
Vista MARC
- SOLARES AFRE, MARITZA ANABELEN
Entrada Nombre personal
Número de registros utilizados en: 1
001 - NÚMERO DE CONTROL
- campo de control: 18023
003 - IDENTIFICADOR DE NÚMERO DE CONTROL
- campo de control: gtgcusco
005 - FECHA Y HORA DE LA ÚLTIMA TRANSACCIÓN
- campo de control: 20251015094644.0
008 - ELEMENTOS DE DATO DE LONGITUD-FIJA
- campo de control de longitud fija: 251015|| aca||aabn | a|a d
040 ## - FUENTE DE CATALOGACIÓN
- Centro catalogador/agencia de origen: gtgcusco
- Centro/agencia transcriptor: gtgcusco
100 ## - ENCABEZAMIENTO-NOMBRE DE PERSONA
- Nombre de persona: SOLARES AFRE, MARITZA ANABELEN
670 ## - FUENTE DE DATOS ENCONTRADOS
- Cita de la fuente: Work cat.: (gtgcusco)9215: SOLARES AFRE, MARITZA ANABELEN , Informe Final del Programa Ejercicio Profesional Supervisado realizado en clínica dental de Fundación Mag de Aldea los Macizos, Chiquimulilla, Santa Rosa y Pacific Dental Services en Santo Domingo Xenacoj, Sacatepéquez, Guatemala. Febrero 2022 - marzo 2023 /, 2023

